Top 100 Most Subscribed Channels - Statistics

General Stats
  • This quiz has been taken 70 times
    56 since last reset
  • The average score is 21 of 100
Answer Stats
Million subscribers Channels % Correct
413 MrBeast
95%
110 PewDiePie
79%
301 T-Series
79%
196 Cocomelon
68%
76.1 Justin Bieber
58%
81 5-Minute Crafts
47%
130 Stokes Twins
47%
61.3 Taylor Swift
47%
81.2 BANGTANTV
42%
98.6 BLACKPINK
42%
106 Goldmines
42%
136 ✿ Kids Diana Show
42%
186 SET India
42%
110 WWE
42%
97.3 ChuChu TV Nursery Rhymes & Kids Songs
37%
61.5 Dude Perfect
37%
130 Like Nastya
37%
103 Sony SAB
37%
144 Vlad and Niki
37%
120 Zee Music Company
37%
93.8 Zee TV
37%
88.7 A4
32%
96.2 Alan's Universe
32%
89 Alejo Igoa
32%
82.9 Baby Shark - Pinkfong Kids’ Songs & Stories
32%
80.9 Colors TV
32%
78.3 HYBE LABELS
32%
117 김프로KIMPRO
32%
78.3 T-Series Bhakti Sagar
32%
58.3 Ed Sheeran
26%
64.8 Movieclips
26%
78.6 Toys and Colors
26%
76.5 UR · Cristiano
26%
73.3 Aaj Tak
21%
56.3 Ariana Grande
21%
70.6 Mark Rober
21%
51.6 MrBeast 2
21%
48.8 MrBeast Gaming
21%
75.3 Topper Guild
21%
68.4 YRF
21%
63.6 Anaya Kandhal
16%
50.7 Bad Bunny
16%
56.5 Billie Eilish
16%
69.9 El Reino Infantil
16%
65.6 EminemMusic
16%
49.3 Fernanfloo
16%
47.7 Goldmines Gaane Sune Ansune
16%
60.7 LooLoo Kids - Nursery Rhymes and Children's Songs
16%
53.2 LUCCAS TOON - LUCCAS NETO
16%
58.1 Marshmello
16%
52.8 Real fools shorts official
16%
67.4 Sony Music India
16%
57.8 SonyMusicIndiaVEVO
16%
66.8 Wave Music
16%
79.6 ZAMZAM ELECTRONICS TRADING
16%
65 ARY Digital HD
11%
57.9 Billion Surprise Toys
11%
61.1 Bispo Bruno Leonardo
11%
67.9 Canal KondZilla
11%
49.2 Dushyant kukreja
11%
69.2 Fede Vigevani
11%
69.6 HAR PAL GEO
11%
51.3 Ishtar Music
11%
65.7 ISSEI / いっせい
11%
56.8 JioHotStar Kids
11%
54 JuegaGerman
11%
76.3 KL BRO Biju Rithvik
11%
52.6 Masha and the Bear
11%
57.1 Mikecrack
11%
60.1 PANDA BOI
11%
48.7 Ricis Official
11%
48.8 Shakira
11%
59.8 Shemaroo
11%
73.1 Shemaroo Filmi Gaane
11%
78.1 Tips Official
11%
58.5 ToRung
11%
59.8 Zhong
11%
57.4 Маша и Медведь
5%
48.9 ABP NEWS
5%
53.5 ABS-CBN Entertainment
5%
58.1 आचार्य प्रशान्त - Acharya Prashant
5%
54.2 Alfredo Larin
5%
47.6 Badabun
5%
52.1 BETER BÖCÜK
5%
51.5 Celine Dept
5%
52.6 Dangal TV Channel
5%
56.1 Get Movies
5%
51.7 HUM TV
5%
48.6 IndiaTV
5%
70.8 Infobells - Hindi
5%
54.3 Jess No Limit
5%
53.1 Juan de Dios Pantoja
5%
48.9 Maria Clara & JP
5%
57.6 Saregama Music
5%
53 shfa
5%
51.5 shfa2 - شفا
5%
56.1 StarPlus
5%
49.5 T-Series Bollywood Classics
5%
64.5 YOLO AVENTURAS
5%
48.4 PowerKids TV
0%
No matching quizzes found
Score Distribution
Percent of People with Each Score
Percentile by Number Answered
Your Score History
You have not taken this quiz since the last reset